000 00347pab a2200169 454500
008 180718b2012 xxu||||| |||| 00| 0 eng d
100 _aSaldanha, Leo F.
245 _aWhose streets?
260 _c2012
300 _ap.67-71.
362 _aAug
650 _aStreets
650 _aRoads
773 _aSeminar
908 _aN
909 _a97265
999 _c97265
_d97265